Sustainable Development of Women Entrepreneurship in Selected Central European Countries
Regionálne rozdiely v podnikaní žien v strednej Európe na Slovensku, v Česku a v Poľsku. Analýza mestského a vidieckeho kontextu popri kultúrnych a ekonomických vplyvoch. Štúdia pomocou sekundárnych údajov Eurostatu a Svetovej banky skúma kľúčové premenné, vrátane HDP na obyvateľa, miery zamestnanos...
Guardado en:
| Autor principal: | |
|---|---|
| Otros Autores: | |
| Formato: | Capítulo de libro |
| Lenguaje: | inglés |
| Materias: | |
| Etiquetas: |
Sin Etiquetas, Sea el primero en etiquetar este registro!
|
MARC
| LEADER | 00000naa$a2200000$$$4500 | ||
|---|---|---|---|
| 001 | 0307563 | ||
| 005 | 20250415111611.1 | ||
| 041 | 0 | |a eng | |
| 044 | |a US | ||
| 245 | 1 | 0 | |a Sustainable Development of Women Entrepreneurship in Selected Central European Countries |c Mária Barteková, Sabina Janikovičová |
| 520 | |a Regionálne rozdiely v podnikaní žien v strednej Európe na Slovensku, v Česku a v Poľsku. Analýza mestského a vidieckeho kontextu popri kultúrnych a ekonomických vplyvoch. Štúdia pomocou sekundárnych údajov Eurostatu a Svetovej banky skúma kľúčové premenné, vrátane HDP na obyvateľa, miery zamestnanosti, podielu ženských samostatných vlastníkov a skóre ukazovateľa podnikania. Analýza poukazuje na významné výzvy pre ženy - podnikateľky, ako sú obmedzené zdroje a príležitosti. Odporúčania zahŕňajú cielené politiky na preklenutie regionálnych rozdielov, zlepšenie prístupu k financovaniu a podporenie inkluzívnych podnikateľských ekosystémov. Cieľom týchto opatrení je zvýšiť prínos žien k udržateľnému hospodárskemu rastu a podnikaniu v strednej Európe. | ||
| 610 | 2 | 0 | |a podnikanie |
| 610 | 2 | 0 | |a ženy |
| 610 | 2 | 0 | |a rozdiely regionálne |
| 610 | 2 | 0 | |a porovnanie medzinárodné |
| 610 | 2 | 0 | |a ukazovatele ekonomické |
| 610 | 2 | 0 | |a rozvoj trvalo udržateľný |
| 610 | 2 | 0 | |a stredná Európa |
| 100 | 1 | |a Barteková, Mária, 1992- | |
| 700 | 1 | |a Janikovičová, Sabina, 2000- | |